000 01043nam a22002177a 4500
001 568794
003 Konya_Okul_Kütüphaneleri
005 20250528175134.0
008 250528b |||||||| |||| 00| 0 eng d
020 _a9786059492560
040 _btur
_cBoğaziçi Üniversitesi
_eRDA
050 _aDR721 .D3819 2018
100 _aDatcheff, Peter. Author.
245 _aBilinmeyen İstanbul : bir Bulgar seyyahın gözüyle TEST
260 _aİstanbul Büyükşehir Belediyesi Kültür A.Ş. Yayınları.
300 _a159 pages : illustrations ; 21 cm.
520 _a19.yüzyılda ister diplomatik bir görevle, ister kendi hesabına doğuya seyahat eden gezginler bize, batılıların zihniyetini yansıtan ve dönemin birçok bakımdan anlaşılmasını sağlayan önemli malzemeler bırakmışlardır.
650 _2İstanbul (Turkey)
_a History. İstanbul (Turkey
_vDescription and travel.
700 _aMevsim, Hüseyin. Translator. Kaptaner, Kemal. Publishing director. Dalgalı, Fatih. Editor.
942 _2lcc
_cBK
_n0
999 _c568794
_d568794